Costa Rica y sus hechos políticos de 1948. Problemática de una década
Guardado en:
| Hovedforfatter: | |
|---|---|
| Format: | Texto |
| Udgivet: |
San José:
Costa Rica
|
| Udgivelse: | 3 |
| Tags: |
Tilføj Tag
Ingen Tags, Vær først til at tagge denne postø!
|
MARC
| LEADER | 00000 a a2200000 04500 | ||
|---|---|---|---|
| 001 | 25058 | ||
| 003 | |||
| 040 | |||
| 090 | |a 179100 | ||
| 100 | |a Aguilar Bulgarelli, Oscar | ||
| 245 | |a Costa Rica y sus hechos políticos de 1948. Problemática de una década | ||
| 250 | |a 3 | ||
| 260 | |a San José: |b Costa Rica | ||
| 300 | |a 674 p | ||
| 999 | |c 5010 |d 5010 | ||
